000 01055cam a2200301 a 4500
999 _c329930
_d329930
001 2892870
003 NUST
005 20170601092414.0
008 870430s1986 pk af 000 0 eng
010 _a 86931357
020 _cRs125.00
040 _aDLC
_cDLC
_dDLC
043 _aa-pk---
050 0 0 _aDS392.S55
_bB76 1986
082 0 0 _a954.9/18
_219
100 1 _aBrohī, ʻAlī Aḥmad.
_91744
245 1 0 _aHistory on tombstones :
_bSind and Baluchistan /
_cAli Ahmad Brohi.
260 _aJamshoro :
_bSindhi Adabi Board,
_c[1986?]
300 _a264 p., [64] p. of plates :
_bill. ;
_c23 cm.
650 0 _aSepulchral monuments
_zPakistan
_zSindh.
_91745
650 0 _aSepulchral monuments
_zPakistan
_zBalochistān.
_91746
651 0 _aSindh (Pakistan)
_xAntiquities.
_91747
651 0 _aBalochistān (Pakistan)
_xAntiquities.
_91748
651 0 _aSindh (Pakistan)
_xHistory.
_91749
651 0 _aBalochistān (Pakistan)
_xHistory.
_91750
651 0 _aPakistan
_xAntiquities.
_91751
906 _a7
_bcbc
_corignew
_d4
_encip
_f19
_gy-gencatlg
942 _2ddc
_cBK